[Event "Novi Sad ol (Men)"]
[Site "Novi Sad"]
[Date "1990.??.??"]
[Round "9"]
[White "Beliavsky, Alexander G"]
[Black "Liang Jinrong"]
[Result "1/2-1/2"]
[WhiteElo "2605"]
[BlackElo "2445"]

1.d4 d5 2.c4 e6 3.Nc3 Be7 4.cxd5 exd5 5.Bf4 Nf6 6.e3 c6 7.Bd3 Bg4 8.Nge2 Bh5
9.O-O Bg6 10.Rb1 Nbd7 11.b4 a6 12.a4 O-O 13.b5 axb5 14.axb5 Nb6 15.Nc1 Nc4
16.bxc6 bxc6 17.Rb7 Bd6 18.Bxd6 Nxd6 19.Rb3 Qa5 20.Bxg6 hxg6 21.Nd3 Nc4 22.Qc2 Rfb8
23.Rc1 Nd7 24.Rxb8+ Rxb8 25.g3 Nf6 26.Kg2 Qa3 27.Qa4 Qxa4 28.Nxa4 Ne4 29.Nac5 Nxc5
30.Nxc5 Rb2 31.Kg1 g5 32.h3 f6 33.Ra1 Kh7 34.g4 Nd2 35.Kg2 Rc2 36.Ra7 Ne4
37.Nxe4 dxe4 38.Re7 Kg8 39.Rxe4 Kf7 40.Kg3 c5 41.dxc5 Rxc5 42.Ra4 Rc2 43.Ra8 Rb2
44.Rh8 Ra2 45.h4 gxh4+ 46.Rxh4 g5 47.Rh7+ Kg6 48.Rd7 Ra3 49.Kf3 Ra2 50.Rd1 Rb2
51.Rd3 Ra2 52.Kg3 Ra1 53.f4 gxf4+ 54.exf4 Rg1+ 55.Kh3 Rf1 56.Rd4 Rf3+ 57.Kh4 Rf1
58.f5+ Kh6 59.Rd7 Rh1+ 60.Kg3 Rg1+ 61.Kf3 Rf1+ 62.Ke4 Rg1 63.Kd5 Rxg4 64.Ke6 Ra4
65.Kxf6 Ra6+ 66.Ke5 Kg5  1/2-1/2

[Event "Belgrade Invest"]
[Site "Belgrade"]
[Date "1991.??.??"]
[Round "?"]
[White "Sokolov, Ivan"]
[Black "Beliavsky, Alexander G"]
[Result "1-0"]
[WhiteElo "2570"]
[BlackElo "2655"]

1.d4 Nf6 2.c4 e6 3.Nc3 Bb4 4.Qc2 O-O 5.a3 Bxc3+ 6.Qxc3 b6 7.Nf3 Bb7 8.Bg5 c5
9.e3 d6 10.dxc5 bxc5 11.Nd2 a5 12.Bd3 Nbd7 13.O-O a4 14.Rad1 Ra6 15.Qc2 Qa8
16.f3 h6 17.Bh4 Rb6 18.Nb1 Rb8 19.Bg3 e5 20.Nc3 Bc6 21.Rf2 R8b7 22.Bf5 Qb8
23.Rdd2 Rb3 24.Qd1 Ne8 25.Qc1 g6 26.Bd3 Nf8 27.Bb1 Ne6 28.Ba2 R3b6 29.Nd5 Bxd5
30.cxd5 N6g7 31.Rfe2 Qd8 32.Rc2 Nf6 33.Be1 Qe8 34.Bc3 Nf5 35.Bc4 Ra7 36.Qe1 h5
37.g3 Rb8 38.Rg2 Qd8 39.Rcd2 Nh7 40.Qe2 Re7 41.Kh1 Qf8 42.Rd1 Qh6 43.Re1 h4
44.g4 h3 45.Rf2 Nh4 46.Qc2 Ng2 47.Ree2 Ra7 48.f4 exf4 49.exf4 Qh4 50.g5 Raa8
51.f5 Nxg5 52.fxg6 f6 53.Bxf6 Re8 54.Qf5 Ne3 55.Rxe3 Rxe3 56.Bxg5 Qe4+ 57.Qxe4 Rxe4
58.Bf1 Rg4 59.Bf6 Re8 60.Bc3 c4  1-0

[Event "Belgrade Invest"]
[Site "Belgrade"]
[Date "1991.??.??"]
[Round "?"]
[White "Jussupow, Artur"]
[Black "Beliavsky, Alexander G"]
[Result "1/2-1/2"]
[WhiteElo "2625"]
[BlackElo "2655"]

1.d4 d5 2.c4 e6 3.Nf3 Nf6 4.Nc3 Be7 5.Bg5 h6 6.Bh4 O-O 7.Rc1 dxc4 8.e3 c5
9.Bxc4 cxd4 10.exd4 Qb6 11.O-O Nc6 12.Qd2 Rd8 13.Rfd1 Bd7 14.Qe2 Nh5 15.d5 Nf4
16.Qe1 exd5 17.Bxe7 Nxe7 18.Qxe7 Ng6 19.Nxd5 Nxe7 20.Nxb6 axb6 21.Ne5 Be8
22.Bb3 Nc6 23.Nxc6 bxc6 24.f4  1/2-1/2

[Event "Belgrade Invest"]
[Site "Belgrade"]
[Date "1991.??.??"]
[Round "?"]
[White "Beliavsky, Alexander G"]
[Black "Ljubojevic, Ljubomir"]
[Result "1/2-1/2"]
[WhiteElo "2655"]
[BlackElo "2600"]

1.d4 Nf6 2.Nf3 e6 3.c4 b6 4.g3 Ba6 5.b3 Bb4+ 6.Bd2 Be7 7.Bg2 c6 8.Bc3 d5
9.Nbd2 Nbd7 10.O-O Rc8 11.Qb1 c5 12.dxc5 bxc5 13.e3 Rb8 14.Rd1 O-O 15.Ne5 Bb7
16.cxd5 exd5 17.Qf5 Nb6 18.Rac1 Qc8 19.Qxc8 Rfxc8 20.Nd3 c4 21.Nf4 cxb3 22.axb3 Ne4
23.Be5 Bd6 24.Bxd6 Nxd6 25.Ra1 Nb5 26.Nf3 Rc3 27.Rdb1 Rc2 28.Bf1 Nc3 29.Re1 Ne4
30.Be2 Ra8 31.Nd4 Rc3 32.Ra5 Nd2 33.Bd1 Ne4 34.f3 Nd6 35.Kf2 g5 36.Nfe2 Rc7
37.Bc2 Bc8 38.Rea1 g4 39.Nf4 gxf3 40.Kxf3 a6 41.Bd3 h6 42.g4 Kf8 43.h3 Re7
44.Rc1 Bb7 45.Kf2 Nd7 46.Nxd5 Re5 47.Nc6 Bxc6 48.Rxc6 Nb7 49.Raxa6 Rd8 50.Bc4 Nb8
51.Nf6 Nxc6 52.Rxc6 Rc5 53.Ra6 Nd6 54.Nh5 Nxc4 55.bxc4 Rxc4 56.Rxh6 Re8 57.Ng3 Re6
58.Rh8+ Ke7 59.Ra8 Kf6 60.Nf5 Rc5 61.Nd4 Rb6 62.Kg3 Rc1 63.Rg8 Ke7 64.Nf5+ Kf6
65.Kh4 Re1 66.Nh6 Ke7 67.Kg5 f6+ 68.Kh4 Rxe3 69.Nf5+  1/2-1/2

[Event "Belgrade Invest"]
[Site "Belgrade"]
[Date "1991.??.??"]
[Round "?"]
[White "Beliavsky, Alexander G"]
[Black "Lautier, Joel"]
[Result "1-0"]
[WhiteElo "2655"]
[BlackElo "2560"]

1.d4 d5 2.c4 c6 3.Nc3 e5 4.cxd5 cxd5 5.e4 dxe4 6.Bb5+ Bd7 7.dxe5 Bb4 8.e6 fxe6
9.Qh5+ g6 10.Qe5 Qf6 11.Bf4 a6 12.Bc4 Nc6 13.Qxf6 Nxf6 14.Ne2 Na5 15.Bb3 Nxb3
16.axb3 Bb5 17.Nd4 Bd3 18.Nxe6 Ke7 19.Nd4 Rhd8 20.Ne2 Rac8 21.Rc1 Rc6 22.Bd2 a5
23.h4 Kf7 24.Rh3 h5 25.Bg5 Rdc8 26.Nf4 Ba6 27.Bxf6 Kxf6 28.Rg3 Kf7 29.Re3 Bd6
30.Rxe4 Re8 31.Rxe8 Bxf4 32.Re3 Bxe3 33.fxe3 Rb6 34.Kd2 Rxb3 35.Kc2 Rb4 36.e4 Rd4
37.Ra1 b6 38.Re1 Bd3+ 39.Kd2 Bc4+ 40.Kc2 Ke6 41.Re3 Ke5 42.Rg3 Rd6 43.b3 Bf1
44.Rg5+ Kf4 45.e5 Re6 46.g3+ Kf3 47.Nd5 Bh3 48.Kd3 Bg4 49.Kd4 Kxg3 50.Nf6 b5
51.Rxg6 a4 52.bxa4 bxa4 53.Nxh5+ Kxh4 54.Rxe6  1-0

[Event "Munich"]
[Site "Munich"]
[Date "1991.??.??"]
[Round "1"]
[White "Beliavsky, Alexander G"]
[Black "Lobron, Eric"]
[Result "1-0"]
[WhiteElo "2640"]
[BlackElo "2545"]

1.d4 Nf6 2.c4 e6 3.Nf3 b6 4.g3 Ba6 5.b3 Bb4+ 6.Bd2 Be7 7.Bg2 c6 8.Bc3 d5
9.Ne5 Nfd7 10.Nxd7 Nxd7 11.Nd2 O-O 12.O-O Rc8 13.e4 c5 14.exd5 exd5 15.dxc5 dxc4
16.c6 cxb3 17.Nc4 b2 18.Bxb2 Bxc4 19.cxd7 Rc7 20.Be5 Rc5 21.Re1 Be6 22.Qd4 Rxe5
23.Rxe5 Bf6 24.Rd1 Qc7 25.Qd6 Bxe5 26.Qxf8+ Kxf8 27.d8=Q+ Qxd8 28.Rxd8+ Ke7
29.Rd2 b5 30.Bd5 a5 31.Bxe6 Kxe6 32.f4 Bc3 33.Rd3 b4 34.Kf2 Bb2 35.Ke2 Bf6
36.Re3+ Kd5 37.Kd3 a4 38.Re4 Kc5 39.Rc4+ Kb5 40.Rc7 b3 41.axb3 Kb6 42.Rxf7 a3
43.Kc2  1-0

[Event "Munich"]
[Site "Munich"]
[Date "1991.??.??"]
[Round "11"]
[White "Beliavsky, Alexander G"]
[Black "Kindermann, Stefan"]
[Result "1/2-1/2"]
[WhiteElo "2640"]
[BlackElo "2515"]

1.e4 e6 2.d4 d5 3.Nd2 Nf6 4.e5 Nfd7 5.f4 c5 6.c3 Nc6 7.Ndf3 Qb6 8.h4 cxd4
9.cxd4 Bb4+ 10.Kf2 f6 11.Be3 Be7 12.Qd2 O-O 13.Rd1 a5 14.Kg3 a4 15.Bd3 Qd8
16.Ne2 f5 17.h5 Nb6 18.Kf2 Nb4 19.Bb1 Nc4 20.Qc3 Bd7 21.a3 Nc6 22.Rdg1 b5
23.g4 b4 24.axb4 a3 25.gxf5 exf5 26.Ba2 Be6 27.Ng5 Qd7 28.Nxe6 Qxe6 29.Bxc4 Bxb4
30.Qc2 dxc4 31.bxa3 Bxa3 32.Bd2 Rfd8 33.Bc3 Be7 34.Qd2 Qd5 35.Rh3 Ra3 36.Qc2 Qe6
37.Rh2 Rda8 38.Rb1 Rb3 39.Rd1 Qd5 40.Qxf5 Ra2 41.Qh3 Nb4 42.Kg1 Nd3 43.Qc8+ Bf8
44.e6 Ra8 45.Qd7 Qxd7 46.exd7 Rb7 47.h6 Rxd7 48.hxg7 Rxg7+ 49.Rg2 Ra2 50.Rd2 Rxd2
51.Bxd2 Kf7 52.Rxg7+ Bxg7 53.Kg2 Ke6  1/2-1/2

[Event "Paris Immopar rapid"]
[Site "Paris"]
[Date "1991.??.??"]
[Round "1"]
[White "Beliavsky, Alexander G"]
[Black "Gelfand, Boris"]
[Result "1-0"]
[WhiteElo "2655"]
[BlackElo "2665"]

1.d4 Nf6 2.c4 g6 3.Nc3 Bg7 4.e4 d6 5.Nf3 O-O 6.Be2 e5 7.O-O Nc6 8.d5 Ne7
9.b4 Nh5 10.c5 Nf4 11.Bxf4 exf4 12.Rc1 h6 13.Nd4 Kh8 14.a4 Ng8 15.a5 Nf6
16.Re1 h5 17.Qd2 Kh7 18.a6 Bh6 19.axb7 Bxb7 20.Bf3 Ng4 21.cxd6 cxd6 22.Nc6 Qf6
23.Nb5 a6 24.Nbd4 Rae8 25.h3 Ne5 26.Nxe5 Rxe5 27.Rc7 Bxd5 28.exd5 Rxe1+ 29.Qxe1 Qxd4
30.Qe6 Qxb4 31.Rxf7+ Rxf7 32.Qxf7+ Bg7 33.Qe6 Qb2 34.Qxd6 Bd4 35.Qe7+ Kh6
36.Qf8+ Kh7 37.Qf7+ Kh8  1-0

[Event "Reggio Emilia91 Top15"]
[Site "Reggio Emilia"]
[Date "1991.??.??"]
[Round "?"]
[White "Gulko, Boris F"]
[Black "Beliavsky, Alexander G"]
[Result "1/2-1/2"]
[WhiteElo "2575"]
[BlackElo "2640"]

1.e4 e5 2.Nf3 Nc6 3.Bb5 a6 4.Ba4 Nf6 5.O-O Be7 6.Re1 b5 7.Bb3 d6 8.c3 O-O
9.d4 Bg4 10.Be3 Na5 11.dxe5 Bxf3 12.Qxf3 dxe5 13.Bc2 Nc4 14.Bc1 Bc5 15.b3 Nd6
16.Be3 Bxe3 17.Qxe3 Qd7 18.Nd2 Qc6 19.b4 a5 20.Bb3 Rfd8 21.Nf3 a4 22.Bd5 Nxd5
23.exd5 Qxd5 24.Qxe5 Qc6 25.Qc5 Qxc5 26.bxc5 Nc4 27.Re7 Rac8 28.Rae1 Kf8
29.Ng5 f6 30.Rf7+ Kg8 31.f4 Rf8 32.Rxf8+ Kxf8 33.Ne6+ Kf7 34.Nd4 c6 35.Kf2 Nb2
36.Kf3 Nd3 37.Re6 Nxc5 38.Rxc6 Rxc6 39.Nxc6 Ke6 40.Nb4 Kd6 41.Ke3 Ne6 42.f5 Nd8
43.Kd4 Nf7 44.c4 bxc4 45.Kxc4 Nh6 46.Nc2 Nxf5 47.Kb4 g5 48.Kxa4 Nh4 49.Ne1 Kc5
50.Kb3 f5 51.Kc3 h6 52.g3 Ng6 53.a4 Kb6 54.Kd4 Ka5 55.Nd3 Kxa4 56.Ne5 Nh8
57.Kd5 Kb3 58.Ke6 f4 59.gxf4 gxf4 60.Kf5 Kc3 61.Kxf4 Kd4 62.h4 h5 63.Kf5  1/2-1/2

[Event "Reggio Emilia91 Top15"]
[Site "Reggio Emilia"]
[Date "1991.??.??"]
[Round "?"]
[White "Beliavsky, Alexander G"]
[Black "Romanishin, Oleg M"]
[Result "0-1"]
[WhiteElo "2640"]
[BlackElo "2610"]

1.e4 e5 2.Nf3 Nc6 3.Bb5 a6 4.Ba4 Nf6 5.O-O Be7 6.Re1 b5 7.Bb3 d6 8.c3 O-O
9.h3 Na5 10.Bc2 c5 11.d4 Bb7 12.d5 Nc4 13.a4 Nb6 14.a5 Nbd7 15.b3 Bc8 16.c4 b4
17.Nbd2 g6 18.Nf1 Nh5 19.Bh6 Ng7 20.Qd2 Nf6 21.N3h2 Kh8 22.Be3 Ng8 23.g4 f5
24.exf5 gxf5 25.Ra2 Ra7 26.f4 exf4 27.Bxf4 Bf6 28.Qd3 Ne7 29.g5 Ng6 30.gxf6 Nxf4
31.Qe3 Ngh5 32.Bd1 Qxf6 33.Bxh5 Rg7+ 34.Kh1 Nxh5 35.Rg2 f4 36.Qf3 Rxg2 37.Kxg2 Qh4  0-1

[Event "Reggio Emilia91 Top15"]
[Site "Reggio Emilia"]
[Date "1991.??.??"]
[Round "?"]
[White "Beliavsky, Alexander G"]
[Black "Ljubojevic, Ljubomir"]
[Result "1-0"]
[WhiteElo "2640"]
[BlackElo "2590"]

1.d4 Nf6 2.c4 e6 3.Nf3 b6 4.g3 Bb4+ 5.Bd2 Be7 6.Bg2 c6 7.Qa4 O-O 8.Ne5 Bb7
9.O-O Qc7 10.Nc3 a6 11.Nd3 c5 12.d5 exd5 13.Nxd5 Nxd5 14.cxd5 d6 15.g4 Nd7
16.g5 c4 17.Nb4 b5 18.Qc2 Nb6 19.a4 Nxa4 20.Ra3 Rfe8 21.Rh3 g6 22.b3 Nb6
23.Qc3 Bc8 24.Re3 Bf5 25.Bc1 Nd7 26.Nc6 Ne5 27.Nxe7+ Rxe7 28.f4 Ng4 29.Rxe7 Qxe7
30.h3 Qa7+ 31.Kh1 b4 32.Qg3 cxb3 33.hxg4 Bc2 34.Bb2 a5 35.Bf6 Qb8 36.Qh4 Qf8
37.Rf3 h6 38.Rh3  1-0

[Event "Reggio Emilia91 Top15"]
[Site "Reggio Emilia"]
[Date "1991.??.??"]
[Round "?"]
[White "Beliavsky, Alexander G"]
[Black "Gulko, Boris F"]
[Result "1/2-1/2"]
[WhiteElo "2640"]
[BlackElo "2575"]

1.d4 Nf6 2.c4 e6 3.Nf3 b6 4.Nc3 Bb4 5.Bg5 Bb7 6.e3 h6 7.Bh4 Bxc3+ 8.bxc3 d6
9.Nd2 g5 10.Bg3 Qe7 11.h4 Rg8 12.hxg5 hxg5 13.Qa4+ Qd7 14.Qd1 Qe7 15.Rh6 Nbd7
16.Qa4 a5 17.c5 dxc5 18.Bxc7 Nd5 19.Ne4 Nxc7 20.Nf6+ Kf8 21.Qxd7 Qxd7 22.Nxd7+ Ke7
23.Nxb6 Rab8 24.dxc5 Nd5 25.Rc1 Nxb6 26.cxb6 Ba8 27.Rb1 Rgc8 28.Kd2 Rc6 29.f3 Rcxb6
30.Rxb6 Rxb6 31.Kc2 Rb8 32.Bc4 Bc6 33.Rh5 Kf6 34.Rh1 Ba4+ 35.Bb3 Bc6 36.Rd1 g4
37.Rd4 gxf3 38.gxf3 Rh8 39.Kd3 Ke7 40.f4 f5 41.Ba4 Be4+ 42.Kc4 Rh3 43.Rd7+ Kf6
44.Kd4 Rh2 45.Ra7 Rxa2 46.Be8 Rd2+ 47.Kc4 e5 48.fxe5+ Kxe5 49.Rxa5+ Bd5+
50.Kc5 Rc2 51.Ra3 Ke4 52.Bb5 Ra2 53.Rxa2 Bxa2 54.Bd7 Bb1  1/2-1/2

[Event "Reggio Emilia91 Top15"]
[Site "Reggio Emilia"]
[Date "1991.??.??"]
[Round "?"]
[White "Beliavsky, Alexander G"]
[Black "Epishin, Vladimir"]
[Result "0-1"]
[WhiteElo "2640"]
[BlackElo "2620"]

1.d4 Nf6 2.c4 e5 3.dxe5 Ng4 4.Qd4 d6 5.exd6 Bxd6 6.Qe4+ Be6 7.Nc3 O-O 8.Nf3 Qd7
9.Nd4 Bxc4 10.Nf5 Be6 11.Nxd6 cxd6 12.g3 d5 13.Qf4 d4 14.Ne4 Bd5 15.f3 f5
16.Nc5 Qe7 17.Nd3 Nc6 18.h3 Nge5 19.Nxe5 Nxe5 20.Kf2 d3 21.Bd2 dxe2 22.Bxe2 Bxf3
23.Bb4 Qe6 24.Rhe1 Bxe2 25.Qe3 f4  0-1

[Event "Reggio Emilia91 Top15"]
[Site "Reggio Emilia"]
[Date "1991.??.??"]
[Round "?"]
[White "Vaganian, Rafael A"]
[Black "Beliavsky, Alexander G"]
[Result "1/2-1/2"]
[WhiteElo "2585"]
[BlackElo "2640"]

1.Nf3 d5 2.d4 Nf6 3.c4 e6 4.Nc3 Be7 5.Bg5 O-O 6.e3 h6 7.Bh4 b6 8.Be2 Bb7
9.Bxf6 Bxf6 10.cxd5 exd5 11.b4 c5 12.bxc5 bxc5 13.Rb1 Qa5 14.O-O cxd4 15.Nxd4 Nc6
16.Nxd5 Qxd5 17.Bf3 Qxa2 18.Nxc6 Bxc6 19.Bxc6 Rad8 20.Qf3  1/2-1/2

[Event "Brussels SWIFT rapid"]
[Site "Brussels"]
[Date "1992.??.??"]
[Round "?"]
[White "Beliavsky, Alexander G"]
[Black "Christiansen, Larry Mark"]
[Result "1-0"]
[WhiteElo "2620"]
[BlackElo "2595"]

1.d4 Nf6 2.c4 e6 3.g3 Bb4+ 4.Bd2 a5 5.Bg2 d6 6.Nf3 Nbd7 7.O-O e5 8.Bc3 O-O
9.dxe5 Bxc3 10.Nxc3 dxe5 11.Qc2 Qe7 12.Rad1 Nc5 13.Nd5 Nxd5 14.cxd5 e4 15.Nd4 Bd7
16.b3 b6 17.a3 Qe5 18.Qc4 Rfd8 19.b4 axb4 20.axb4 Nb7 21.Nc6 Bxc6 22.Qxc6 Ra7
23.d6 Nxd6 24.Bxe4 g6 25.Rd2 Re8 26.Bd5 Kg7 27.e4 Nxe4 28.Re2 f5 29.f3 Qd4+
30.Kg2 Nf6 31.Rxe8 Nxe8 32.Qd7+ Kh6 33.Qxe8 Qxd5 34.Qf8+ Kh5 35.Qe7 Ra2+
36.Kh3 Kh6 37.Qf8+ Kg5 38.Qe7+ Kh6 39.Qf8+ Kg5 40.Qg7 f4 41.Qe7+ Kh6 42.Qf8+ Kh5
43.Qxf4 g5 44.Qf6 Qxf3 45.Qxf3+  1-0

[Event "Brussels SWIFT blitz"]
[Site "Brussels"]
[Date "1992.??.??"]
[Round "?"]
[White "Christiansen, Larry Mark"]
[Black "Beliavsky, Alexander G"]
[Result "0-1"]
[WhiteElo "2595"]
[BlackElo "2620"]

1.Nf3 Nf6 2.g3 d5 3.Bg2 c6 4.O-O Bg4 5.d3 Nbd7 6.Nbd2 e5 7.e4 dxe4 8.dxe4 Bc5
9.h3 Bh5 10.Qe1 O-O 11.Nh4 Re8 12.Nf5 Bg6 13.g4 Nf8 14.Nb3 Bb6 15.Kh1 Ne6
16.Be3 Qc7 17.Rd1 Rad8 18.Qe2 Nf4 19.Bxf4 exf4 20.Rxd8 Rxd8 21.c3 Qe5 22.Nbd4 h5
23.f3 hxg4 24.hxg4 Bxf5 25.Nxf5 g6 26.Nd4 Kg7 27.Bh3 Bxd4 28.cxd4 Rxd4 29.Re1 Nh7
30.Kg1 Ng5 31.Bg2 Qc5 32.Qf2 Qd6 33.e5 Qd5 34.Re2 Rd1+ 35.Kh2 b6 36.b4 c5
37.bxc5 bxc5 38.Rc2 c4 39.Qe2 Qd3 40.Qf2 c3 41.e6 Nxe6 42.a4 Rd2 43.Rxd2 cxd2
44.Bf1 Qc2 45.Be2 d1=Q 46.Bxd1 Qxf2+  0-1

[Event "JUG-chT"]
[Site "Cetinje"]
[Date "1992.??.??"]
[Round "?"]
[White "Djuric, Stefan"]
[Black "Beliavsky, Alexander G"]
[Result "0-1"]
[WhiteElo "2535"]
[BlackElo "2595"]

1.e4 e5 2.Nf3 Nc6 3.Bb5 a6 4.Ba4 Nf6 5.d4 exd4 6.O-O Be7 7.Re1 O-O 8.e5 Ne8
9.Bf4 d6 10.Bxc6 bxc6 11.Nxd4 Qd7 12.Qf3 d5 13.Nc3 Rb8 14.Nb3 g5 15.Be3 Ng7
16.Ba7 Rb4 17.a3 Rf4 18.Qd3 f6 19.Ne2 Rh4 20.Nc5 Qe8 21.exf6 Bxf6 22.Ng3 Qf7
23.c3 Bd4 24.cxd4 Qxf2+ 25.Kh1 Rxh2+ 26.Kxh2 Rf4 27.Re4 dxe4 28.Qxe4 Rh4+
29.Qxh4 gxh4 30.Nge4 Qf4+ 31.Kg1 h3 32.Re1 Nh5 33.Re2 h2+  0-1

[Event "JUG-chT"]
[Site "Cetinje"]
[Date "1992.??.??"]
[Round "?"]
[White "Muhutdinov, Marat"]
[Black "Beliavsky, Alexander G"]
[Result "0-1"]
[WhiteElo "2425"]
[BlackElo "2595"]

1.e4 d6 2.d4 Nf6 3.Nc3 g6 4.g3 Nbd7 5.Bg2 c5 6.Nge2 cxd4 7.Nxd4 Bg7 8.O-O O-O
9.b3 a6 10.Nd5 Nc5 11.Re1 Bg4 12.Qd2 Rc8 13.a4 e5 14.Nxf6+ Bxf6 15.Ne2 Bxe2
16.Rxe2 Ne6 17.Bb2 Rc6 18.a5 b5 19.axb6 Qxb6 20.h4 Rfc8 21.Qd1 Qc7 22.Bh3 Rxc2
23.Bxe6 fxe6 24.Rxa6 Be7 25.Rxc2 Qxc2 26.Qg4 Rf8 27.Qxe6+ Rf7 28.Ra8+ Kg7
29.Bxe5+ dxe5 30.Qxe5+ Kh6 31.f4 Bc5+ 32.Kh1 Re7 33.Qg5+ Kg7 34.Qd5 Qxe4+
35.Qxe4 Rxe4 36.Rc8 Be7 37.Kg2 Re3 38.Rb8 h5 39.Rb5 Kf6 40.Kf2 Rc3 41.Kg2 Rc5
42.Rb7 Rc2+ 43.Kh3 Bd6 44.Rd7 Ke6 45.Rg7 Kf5 46.Rd7 Rd2 47.Rf7+ Ke4 48.Rf6 Bc5
49.Rc6 Bd4 50.b4 Kf3 51.Rc1 Rg2 52.Rc4 Rxg3+ 53.Kh2 Bg1+  0-1

[Event "JUG-chT"]
[Site "Cetinje"]
[Date "1992.??.??"]
[Round "?"]
[White "Paunovic, Tomislav"]
[Black "Beliavsky, Alexander G"]
[Result "0-1"]
[WhiteElo "2425"]
[BlackElo "2595"]

1.d4 f5 2.g3 Nf6 3.Bg2 e6 4.c4 d5 5.Nf3 c6 6.O-O Bd6 7.b3 Qe7 8.Bb2 O-O 9.Nbd2 Bd7
10.Qc2 Be8 11.Ne5 Nbd7 12.Ndf3 Bh5 13.cxd5 cxd5 14.Rac1 Rad8 15.Qd3 Nb8 16.h3 Ne4
17.Nd2 Na6 18.Nxe4 dxe4 19.Qe3 Nb4 20.Nc4 Nd5 21.Qd2 Bb4 22.Qd1 Qe8 23.a3 Be7
24.Re1 Bg5 25.Rc2 Qb5 26.b4 Qa6 27.Qb1 f4 28.g4 f3 29.exf3 exf3 30.gxh5 fxg2
31.Bc1 Bxc1 32.Qxc1 Nf4 33.Qe3 Rc8 34.Rec1 Qb5 35.Nd6 Rxc2 36.Nxb5 Rxc1+  0-1

[Event "JUG-chT"]
[Site "Cetinje"]
[Date "1992.??.??"]
[Round "?"]
[White "Pavlovic, Milos"]
[Black "Beliavsky, Alexander G"]
[Result "0-1"]
[WhiteElo "2450"]
[BlackElo "2595"]

1.c4 e6 2.g3 d5 3.Bg2 Nf6 4.Nf3 Be7 5.O-O O-O 6.d4 dxc4 7.Qc2 a6 8.a4 Bd7
9.Ne5 Bc6 10.Nxc6 Nxc6 11.e3 Na5 12.Nd2 c5 13.dxc5 Rc8 14.b4 cxb3 15.Nxb3 Nd5
16.Ba3 Qc7 17.Rfd1 Rfd8 18.e4 Nf6 19.Rxd8+ Rxd8 20.Nxa5 Qxa5 21.e5 Nd5 22.Rb1 Qc7
23.Qb3 Bxc5 24.Bxc5 Qxc5 25.Bxd5 Rxd5 26.Qxb7 g5 27.Qxa6 Rxe5 28.Qa8+ Kg7
29.Rb5 Qc1+ 30.Kg2 Re1 31.h3 h6 32.Kh2 Qc3 33.Qa5 Qa1 34.Qa8 e5 35.Rb8 e4
36.Rg8+ Kh7  0-1

[Event "EU-chT (Men)"]
[Site "Debrecen"]
[Date "1992.??.??"]
[Round "7"]
[White "Adams, Michael"]
[Black "Beliavsky, Alexander G"]
[Result "1/2-1/2"]
[WhiteElo "2620"]
[BlackElo "2620"]

1.e4 c5 2.Nf3 Nc6 3.d4 cxd4 4.Nxd4 Nf6 5.Nc3 e5 6.Ndb5 d6 7.Bg5 a6 8.Na3 b5
9.Bxf6 gxf6 10.Nd5 Bg7 11.c3 f5 12.exf5 Bxf5 13.Nc2 O-O 14.Nce3 Be6 15.Bd3 f5
16.Qh5 e4 17.Bc2 Ne7 18.Bb3 Nxd5 19.Nxd5 a5 20.Nf4 Bxb3 21.axb3 Qe7 22.O-O b4
23.cxb4 Qe5 24.Qg5 axb4 25.Rad1 Ra2 26.Nh5 f4 27.Qg4 Ra7 28.Rc1 Qf5 29.Qxf5 Rxf5
30.Nxg7 Kxg7 31.Rc4 d5 32.Rxb4 Rc7 33.Rd1 Rc2 34.Rbd4 Kf6 35.h3 Ke6 36.Rb1 Ke5
37.Rbd1 Ke6 38.Rb1 Kd6 39.b4 e3 40.fxe3 fxe3 41.Rd3 Rff2 42.Rxe3 Rxg2+ 43.Kh1 Rxb2
44.Rd1 Rg5 45.Rd4 Re5 46.Rg3 Re1+ 47.Rg1 Re4 48.Rxe4 dxe4 49.Rg4 Ke5 50.Kg1 Rxb4
51.Rh4 Rb7 52.Kf2 Kd4 53.Ke2 Rb2+ 54.Kf1  1/2-1/2

[Event "EU-chT (Men)"]
[Site "Debrecen"]
[Date "1992.??.??"]
[Round "8"]
[White "Beliavsky, Alexander G"]
[Black "Spasov, Vasil"]
[Result "1/2-1/2"]
[WhiteElo "2620"]
[BlackElo "2550"]

1.e4 c5 2.Nf3 Nc6 3.d4 cxd4 4.Nxd4 Nf6 5.Nc3 e5 6.Ndb5 d6 7.Bg5 a6 8.Na3 b5
9.Bxf6 gxf6 10.Nd5 Bg7 11.Bd3 Ne7 12.Nxe7 Qxe7 13.c4 f5 14.O-O O-O 15.Qh5 Qb7
16.Rfe1 d5 17.exd5 e4 18.Bf1 Bxb2 19.Rab1 Bg7 20.Nc2 Qd7 21.g3 bxc4 22.Ne3 f4
23.gxf4 c3 24.f5 Qd6 25.Bg2 Re8 26.Kh1 Rb8 27.Rxb8 Qxb8 28.Rg1 Qf4 29.d6 Qxf2
30.Bxe4 Rxe4 31.Qg5 Qf3+ 32.Rg2 Qd1+ 33.Rg1  1/2-1/2

[Event "EU-chT (Men)"]
[Site "Debrecen"]
[Date "1992.??.??"]
[Round "9"]
[White "Chernin, Alexander"]
[Black "Beliavsky, Alexander G"]
[Result "1/2-1/2"]
[WhiteElo "2620"]
[BlackElo "2620"]

1.d4 Nf6 2.c4 e6 3.Nf3 d5 4.Nc3 Be7 5.Bg5 h6 6.Bh4 O-O 7.e3 b6 8.Be2 Bb7
9.Bxf6 Bxf6 10.cxd5 exd5 11.b4 c5 12.bxc5 bxc5 13.Rb1 Qa5 14.Qd2 cxd4 15.Nxd4 Bxd4
16.exd4 Bc6 17.Nd1 Qxd2+ 18.Kxd2 Nd7 19.Rc1 Rac8 20.Ba6 Rc7 21.Ne3 Nb8 22.Be2 Rb7
23.Rb1 Rd8 24.Bf3 Na6 25.Rxb7 Bxb7 26.Rc1 Kf8 27.Rc3 g6 28.Ra3 Rd7 29.Ra5 Nc7
30.Rxa7 Nb5 31.Ra4 Bc6 32.Rb4 Ra7 33.a4 Nc7 34.Bd1 Ke7 35.Bc2 Kd6 36.h4 h5
37.Nd1 Ra8 38.Nb2 f6 39.Nd1 g5 40.Ne3 gxh4 41.Nf5+ Kd7 42.Nxh4 Ne8 43.Nf5 Nd6
44.Nxd6 Kxd6 45.Ke3 h4 46.Kf3 Bd7 47.Rb6+ Ke7 48.Rb1 Rc8 49.Bb3 Kd6 50.a5 Bf5
51.Rb2 Be4+ 52.Kg4 Bxg2 53.Kxh4 Bf1 54.Bc2 Rc3 55.Bb1 Rc4 56.Rd2 Ra4 57.Kh5 Rxa5
58.Kg6 Ra1 59.Bd3 Bxd3+ 60.Rxd3 Rf1 61.f3 Ke7 62.Kf5  1/2-1/2

[Event "Groningen"]
[Site "Groningen"]
[Date "1992.??.??"]
[Round "1"]
[White "Jussupow, Artur"]
[Black "Beliavsky, Alexander G"]
[Result "1/2-1/2"]
[WhiteElo "2640"]
[BlackElo "2595"]

1.d4 Nf6 2.c4 e6 3.Nc3 Bb4 4.e3 c5 5.Bd3 O-O 6.a3 Bxc3+ 7.bxc3 Nc6 8.Ne2 b6
9.O-O Ba6 10.e4 Ne8 11.f4 f5 12.Ng3 fxe4 13.Nxe4 cxd4 14.cxd4 Nf6 15.d5 exd5
16.cxd5 Bxd3 17.Qxd3 Nxe4 18.Qxe4 Qf6 19.Bb2 Qxb2 20.dxc6 dxc6 21.Qxc6 Qd4+
22.Kh1 Rad8 23.Rae1  1/2-1/2

[Event "Groningen"]
[Site "Groningen"]
[Date "1992.??.??"]
[Round "4"]
[White "Klovans, Janis"]
[Black "Beliavsky, Alexander G"]
[Result "0-1"]
[WhiteElo "2470"]
[BlackElo "2595"]

1.e4 e5 2.Nf3 Nc6 3.Bb5 a6 4.Ba4 Nf6 5.O-O Be7 6.Re1 b5 7.Bb3 d6 8.c3 O-O
9.h3 Na5 10.Bc2 c5 11.d4 Qc7 12.Nbd2 cxd4 13.cxd4 Nc6 14.Nb3 a5 15.Be3 a4
16.Nbd2 Nb4 17.Bb1 Bd7 18.a3 Nc6 19.Bd3 Na5 20.Qe2 Qb8 21.Rec1 Re8 22.Rab1 Bf8
23.b4 axb3 24.Nxb3 Nxb3 25.Rxb3 exd4 26.Bxd4 Qd8 27.Qb2 Nxe4 28.Bxb5 Bxb5
29.Rxb5 Nc5 30.Rd1 Qc8 31.Nd2 Qe6 32.Qc3 Qe2 33.Rbb1 Ra4 34.Nf1 Rea8 35.Re1 Qa6
36.Ra1 Ne6 37.Be3 d5 38.Red1 g6 39.Ra2 d4 40.Bxd4 Rc8  0-1

[Event "Linares"]
[Site "Linares"]
[Date "1992.??.??"]
[Round "3"]
[White "Beliavsky, Alexander G"]
[Black "Illescas Cordoba, Miguel"]
[Result "1/2-1/2"]
[WhiteElo "2620"]
[BlackElo "2555"]

1.d4 d5 2.c4 e6 3.Nc3 c5 4.cxd5 exd5 5.Nf3 Nc6 6.Bg5 Be7 7.Bxe7 Ngxe7 8.e3 cxd4
9.Nxd4 O-O 10.Be2 Qd6 11.O-O Rd8 12.Bf3 Be6 13.Rc1 Nxd4 14.Qxd4 Nc6 15.Qa4 Ne5
16.Be2 Nc4 17.Qc2 Qe5 18.Bf3 Rac8 19.Rfd1 b5 20.Qe2 b4 21.Na4 Qg5 22.g3 h6
23.b3 Ne5 24.Bg2 Rxc1 25.Rxc1 d4 26.f4 Qg4 27.Qxg4 Nxg4 28.exd4 Rxd4 29.Nc5 Bf5
30.Re1 Nf6 31.h3 h5 32.Kf2 g6 33.Re7 Rd2+ 34.Re2 Rd1 35.Re1 Rd2+ 36.Re2 Rd1
37.Re1 Rd2+ 38.Re2  1/2-1/2

[Event "Linares"]
[Site "Linares"]
[Date "1992.??.??"]
[Round "5"]
[White "Beliavsky, Alexander G"]
[Black "Timman, Jan H"]
[Result "1-0"]
[WhiteElo "2620"]
[BlackElo "2620"]

1.d4 Nf6 2.c4 g6 3.Nc3 Bg7 4.e4 d6 5.Nf3 O-O 6.Be2 e5 7.O-O Nc6 8.d5 Ne7
9.Nd2 c5 10.Rb1 Ne8 11.b4 b6 12.a4 f5 13.a5 Nf6 14.axb6 axb6 15.f3 Bh6 16.Nb3 Bxc1
17.Nxc1 Bd7 18.Nd3 Ra3 19.Qc1 Qa8 20.bxc5 bxc5 21.Ra1 Ra5 22.Qb2 Qa7 23.Rxa5 Qxa5
24.Ra1 Qc7 25.Ra6 Nc8 26.Nf2 Qd8 27.Qd2 Nh5 28.exf5 gxf5 29.g3 Be8 30.Ra8 Bg6
31.Nb5 Qf6 32.Qa5 Qe7 33.Qc7 Qxc7 34.Nxc7 Ng7 35.Nb5 Re8 36.Nd1 h5 37.Kf2 f4
38.Ndc3 fxg3+ 39.hxg3 Rf8 40.Ke1 Bf5 41.Ne4 Bxe4 42.fxe4 Re8 43.Ra6 Rd8 44.Bf1 Rf8
45.Bh3 Ne7 46.Nxd6 Rf3 47.Ra8+  1-0

[Event "Linares"]
[Site "Linares"]
[Date "1992.??.??"]
[Round "12"]
[White "Beliavsky, Alexander G"]
[Black "Karpov, Anatoly"]
[Result "0-1"]
[WhiteElo "2620"]
[BlackElo "2725"]

1.d4 Nf6 2.c4 e6 3.Nf3 b6 4.g3 Ba6 5.b3 Bb7 6.Bg2 Bb4+ 7.Bd2 a5 8.O-O O-O
9.Bc3 d5 10.Ne5 Qc8 11.Bb2 dxc4 12.Nxc4 Bxg2 13.Kxg2 Qb7+ 14.f3 Rd8 15.Qc2 Nc6
16.a3 Be7 17.e3 b5 18.Ncd2 Na7 19.Ne4 Nxe4 20.Qxe4 Qxe4 21.fxe4 c5 22.a4 cxd4
23.exd4 Nc6 24.Rd1 Rab8 25.axb5 Rxb5 26.Rd3 f5 27.exf5 Rxf5 28.Nd2 Rfd5 29.Re3 e5
30.Nc4 Bg5 31.Re4 exd4 32.Re6 Nb4 33.Rd1 Nc2 34.Kf3 Rb5 35.Rd3 a4 36.h4 Bf6
37.Ke4 axb3 38.Rb6 Re8+ 39.Kf4 Rxb6 40.Nxb6 Be5+ 41.Kg4 Bc7 42.Na4 Re3 43.Rxe3 dxe3
44.Kf3 Bxg3  0-1

[Event "Manila ol (Men)"]
[Site "Manila"]
[Date "1992.??.??"]
[Round "?"]
[White "Beliavsky, Alexander G"]
[Black "Spasov, Vasil"]
[Result "1-0"]
[WhiteElo "2620"]
[BlackElo "2550"]

1.d4 Nf6 2.c4 g6 3.Nc3 Bg7 4.e4 d6 5.Nf3 O-O 6.Be2 e5 7.O-O Nc6 8.d5 Ne7
9.b4 Nh5 10.c5 Nf4 11.Bxf4 exf4 12.Rc1 a5 13.a3 axb4 14.axb4 h6 15.Nd4 g5
16.Bh5 c6 17.Nde2 b6 18.dxc6 dxc5 19.b5 Be6 20.Qc2 Qc7 21.h3 Qe5 22.Bg4 Bc4
23.Na4 Bxb5 24.Nxb6 Bxc6 25.Nxa8 Bxe4 26.Qxc5 Qxc5 27.Rxc5 Rxa8 28.Rd1 Ra3
29.Rd8+ Kh7 30.Rd7 Bf6 31.Rcc7 Ra1+ 32.Kh2 Nd5 33.Rc4 Bd3 34.Rc6 Re1 35.Rxf7+ Kg6
36.Bh5+ Kxh5 37.Rfxf6  1-0